| 000 | 00415nam a22001577a 4500 | ||
|---|---|---|---|
| 005 | 20251112094421.0 | ||
| 008 | 251112b |||||||| |||| 00| 0 eng d | ||
| 020 | _a979-8-88715-051-2 | ||
| 100 | _aWILLIAMS STACY F. | ||
| 245 | _aROLE OF VOCATIONAL EDUCATION | ||
| 260 |
_aDUBLIN _bORYSON PRESS _c2023 |
||
| 300 | _aXI,310P. | ||
| 500 | _aINCLUDES AN INDEX | ||
| 650 | _aVOCATIONAL EDUCATION | ||
| 942 |
_2lcc _cBK |
||
| 999 |
_c216162 _d216162 |
||